Energetická stratégia EÚ a jej vplyv na strategické rozvojové zámery ekonomiky SR dizertačná práca

Na minha lista:
Detalhes bibliográficos
Autor principal: Lištiak, Peter
Autor Corporativo: Obchodná fakulta EU. Katedra medzinárodného obchodu
Outros Autores: Baláž, Peter
Formato: Livro
Idioma:eslovaco
Publicado em: Bratislava 2012
Assuntos:
Tags: Adicionar Tag
Sem tags, seja o primeiro a adicionar uma tag!

MARC

LEADER 00000nbm a2200000 4500
001 0158747
005 20240502072748.7
041 0 |a slo 
044 |a SK 
245 1 0 |a Energetická stratégia EÚ a jej vplyv na strategické rozvojové zámery ekonomiky SR  |b dizertačná práca  |c Peter Lištiak ; školiteľ: Peter Baláž 
264 1 |a Bratislava  |c 2012 
300 |a 126 s. 
610 2 0 |a energetika 
610 2 0 |a stratégia hospodárska 
610 2 0 |a Európska únia 
610 2 0 |a Slovensko 
610 2 0 |a liberalizácia 
610 2 0 |a trh energetický 
100 1 |a Lištiak, Peter 
700 1 |a Baláž, Peter 
710 2 |a Obchodná fakulta EU. Katedra medzinárodného obchodu